000 00455nam a22001817a 4500
003 NUST - PNEC
005 20170116180753.0
008 150313b xxu||||| |||| 00| 0 eng d
020 _a-
040 _cLIBRARY
082 _a891.4391 WAS
100 _91812
_aWasi Shah
245 _aYaad Bahut Tum Aate Ho
_cWasi Shah
260 _aLahore
_bDua Publication
_cc2005
300 _a128 p, :
650 _91813
_aUrdu Literature
_xGeneral
942 _2ddc
_cBK
999 _c62611
_d62611